Neuroventas Deja ya de vender y haz que "te compren" /

Bibliographic Details
Main Author: Llonch Lp̤ez, Jordi
Format: eBook
Language:Spanish
Published: Bogot:̀ Ediciones de la U, 2017
Subjects:
Online Access:Acceso restringido

MARC

LEADER 00000nam a22000007a 4500
005 20210702114510.0
007 cr|||| |||
008 210702s2017 co |||||s|||| 00||0 spa d
020 |a 978-958-762-716-9 
035 |a 33416 
040 |a vLex 
090 |c 11837  |d 11837 
100 1 |a Llonch Lp̤ez, Jordi 
245 1 0 |a Neuroventas  |h [Recurso electrn̤ico] :  |b Deja ya de vender y haz que "te compren" /  |c Jordi Llonch Lp̤ez 
256 |a Servicio en ln̕ea 
260 |a Bogot:̀  |b Ediciones de la U,  |c 2017 
300 |a 1 recurso electrn̤ico 
500 |a Este libro es un manual de neuroventas, es un libro de autodesarrollo en el mundo de la comunicacin̤ y de la venta, aplicable tanto al mundo profesional como al personal. En esta obra encontrar ̀una revolucionaria manera de crear una marca personal propia y diferente a los mont̤onos refritos que suelen existir. Es decir, lo convertirǹ en un autňtico ld̕er social y profesional. Consta de cuatro partes llamadas eslabones, que construyen y cierran el cr̕culo vicioso de un comunicador/vendedor de ľite, y de una persona con sello propio, desde cm̤o funciona el cerebro, las tčnicas de la neurociencia aplicadas a la venta y comunicacin̤, desarrollar un sistema de venta y trabajar en s ̕mismo para crear un personaje ganador que surge del autoconocimiento y cargado de nuevos e invencibles recursos. 
506 1 |a Disponible solo en los productos indicados  |d vLex Global  |d vLex Global (Academic Edition, excluding Law Schools)  |d vLex Global (U.S. Academic Edition, Law Schools)  |d vLex Global (U.S. Academic Edition, excluding Law Schools)  |d vLex Global (Academic Edition, Law Schools) 
650 0 4 |a Marketing  |z Colombia 
740 0 |a vLex Libros (Servicio en ln̕ea) 
856 4 0 |u https://vlex.com/source/neuroventas-deja-ya-de-vender-y-haz-que-te-compren--33416  |z Acceso restringido 
942 |c BOOK 
999 0 |a Marketing